Mathematik für den Wirtschaftskaufmann

Saved in:
Bibliographic Details
Main Author: Körth, Heinz
Format: Book
Language:German
Published: Berlin Wirtschaft 1981
Edition:4. Aufl.
Tags: Add Tag
No Tags, Be the first to tag this record!

MARC

LEADER 00000nam a2200000 4500
001 c135186
005 20041019155303.5
041 0 |a ger 
044 |a DE 
245 1 0 |a Mathematik für den Wirtschaftskaufmann  |c Heinz Körth 
250 |a 4. Aufl. 
264 1 |a Berlin  |b Wirtschaft  |c 1981 
300 |a 223 s. 
100 1 |a Körth, Heinz